2024 WNBA Draft Round 1 Picks - Statistics

General Stats
  • This quiz has been taken 216 times
  • The average score is 7 of 12
Answer Stats
Pick Player Team % Correct
1 Caitlin Clark Indiana Fever
100%
7 Angel Reese Chicago Sky
93%
2 Cameron Brink Los Angeles Sparks
91%
3 Kamilla Cardoso Chicago Sky
80%
6 Aaliyah Edwards Washington Mystics
68%
4 Rickea Jackson Los Angeles Sparks
67%
5 Jacy Sheldon Dallas Wings
49%
8 Alissa Pili Minnesota Lynx
46%
11 Marquesha Davis New York Liberty
23%
10 Leila Lacan Connecticut Sun
18%
12 Nyadiew Puoch Atlanta Dream
18%
9 Carla Leite Dallas Wings
16%
No matching quizzes found
Score Distribution
Percent of People with Each Score
Percentile by Number Answered
Your Score History
You have not taken this quiz